| Tag |
First Indicator |
Second Indicator |
Subfields |
| LEADER |
00000cam a22000008i 4500 |
| 001 |
in00004785921 |
| 008 |
230807s2023 enka 000 0 eng d |
| 005 |
20250318222042.9 |
| 020 |
|
|
|a 9781800817609
|
| 020 |
|
|
|a 1800817606
|
| 020 |
|
|
|z 9781805220008
|q ePub ebook
|
| 035 |
|
|
|a (OCoLC)on1400116414
|
| 035 |
|
|
|a (OCoLC)1400116414
|
| 040 |
|
|
|a UKMGB
|b eng
|e rda
|c UKMGB
|d OCLCO
|d YDX
|d OCLCF
|d OCLCQ
|d OCLCO
|d NZAUC
|
| 041 |
1 |
|
|a eng
|h ukr
|
| 082 |
0 |
4 |
|a 929.9
|2 23
|
| 100 |
1 |
|
|a Dubilet, Dmytro,
|e author.
|
| 245 |
1 |
0 |
|a How the tricolor got its stripes :
|b and other stories about flags /
|c Dmytro Dubilet.
|
| 264 |
|
1 |
|a London :
|b Profile Editions,
|c 2023.
|
| 300 |
|
|
|a 256 pages :
|b illustrations ;
|c 22 cm
|
| 336 |
|
|
|a text
|2 rdacontent
|b txt
|
| 336 |
|
|
|a still image
|2 rdacontent
|
| 337 |
|
|
|a unmediated
|2 rdamedia
|b n
|
| 338 |
|
|
|a volume
|2 rdacarrier
|b nc
|
| 500 |
|
|
|a Translated from the Ukrainian.
|
| 505 |
0 |
|
|a The triclour world -- The Union Jack -- Bad vexillological pmen -- When flags are crossed -- The bird heritage of the Romans -- Vexillological tango -- American dream -- Orange stripes -- Grim reaper flags -- Six-pointed stars -- Horizontal stripes of Easter Europe -- Pan-African colours -- Pan-Arabic colours -- Crescent on the flags -- The sun on the flags -- Distinctive African flags -- British Island colonies.
|
| 520 |
|
|
|a "Starting with flags that we know, this captivating history explains the origins and hidden meanings of flags, taking a chatty but always entertaining path through this universal subject. Each chapter starts with a well-known flag and shows how that flag led to a number of other flags - so, for example, how the French tricolor led to the red, white and green tricolor of Italy, and then to a host of other tricolors in different parts of the world. Many of the over 200 colour illustrations feature alternative versions of existing flags - the flags that might have been - such as the red Canadian maple leaf between two bands of blue, representing the Atlantic and Pacific Oceans"--Publisher's description.
|
| 650 |
|
0 |
|a Flags
|x History.
|
| 650 |
|
7 |
|a Flags
|2 fast
|
| 655 |
|
7 |
|a History
|2 fast
|
| 776 |
0 |
8 |
|i ebook version :
|z 9781805220008
|
| 852 |
8 |
|
|b pda,print
|z This title is available for the library to purchase for your use. Click the "Purchase It For Me" button to place a request. This item may take 5-10 business days to arrive.
|
| 955 |
|
|
|a Print PDA title
|
| 961 |
|
|
|m 565730
|
| 999 |
f |
f |
|s fc657278-adab-47a1-8d88-4b40f65e38ae
|i 8be3c2ff-bd1f-4de5-89b4-1a1515dfa21b
|t 0
|
| 952 |
f |
f |
|a Texas A&M University
|b College Station
|c Sterling C. Evans Library
|d Purchase on Demand
|t 0
|h Library of Congress classification
|
| 998 |
f |
f |
|t 0
|l Purchase on Demand
|